000 00399nam a2200181Ia 4500
001 1651
005 20260306143744.0
008 260306t2013||||xx |||||||||||||| ||spa||
041 _aESP
082 _a153.9
_bR71
100 _aRobinson, Ken
_eAUT
245 0 _aEl elemento
260 _c2013
300 _a359 páginas :
_c19 cm.
650 _aGEN
654 _aCPS
942 _cLIB
_dJUS
_fJUS
_2ddc
_n
999 _c1651
_d1651